ბათუმის შოთა რუსთაველის სახელმწიფო უნივერსიტეტის ბიბლიოთეკა

Наглядная топология (ბიბ.ჩანაწერი № 48074)

000 -LEADER
fixed length control field 00551nam a2200205Ia 4500
001 - CONTROL NUMBER
control field 14954
003 - CONTROL NUMBER IDENTIFIER
control field GE_BSU
008 - FIXED-LENGTH DATA ELEMENTS--GENERAL INFORMATION
fixed length control field 181216s||||||||xx |||||||||||||| ||und||
040 ## - CATALOGING SOURCE
Transcribing agency GE_BSU
080 ## - UNIVERSAL DECIMAL CLASSIFICATION NUMBER
Universal Decimal Classification number 515.1
100 ## - MAIN ENTRY--PERSONAL NAME
Personal name Болтянский,В.Г. Ефремович,В.А.
245 ## - TITLE STATEMENT
Title Наглядная топология
245 ## - TITLE STATEMENT
Statement of responsibility, etc. Под.ред.С.П.Новикова
260 ## - PUBLICATION, DISTRIBUTION, ETC.
Place of publication, distribution, etc. Москва
260 ## - PUBLICATION, DISTRIBUTION, ETC.
Name of publisher, distributor, etc. Наука
260 ## - PUBLICATION, DISTRIBUTION, ETC.
Date of publication, distribution, etc. 1982
300 ## - PHYSICAL DESCRIPTION
Extent 160стр.20см.
653 ## - INDEX TERM--UNCONTROLLED
Uncontrolled term Наглядная топология
942 ## - ADDED ENTRY ELEMENTS (KOHA)
Koha item type წიგნი
ეგზემპლარები
Withdrawn status Lost status Damaged status Not for loan Date acquired Barcode Date last seen Price effective from Koha item type
        2018-12-17 15320 2018-12-17 2018-12-17 წიგნი